000 00771nam a2200217Ia 4500
005 20250507130358.0
008 008 250505s9999 xx 000 0 eng d
020 _a9780815772002
037 _aAnnuals, Advances
040 _aEASL
_beng
_cEASL
041 _aeng
_2eng
084 _aV4952:1973,(zP).P06, P7
_qEASL
100 _aPritchard Charles L. Au.
_9665477
245 0 _aFailed Diplomacy : The Tragic Story of How North Korea Got the Bomb
260 _aUSA
_bWashington D.C. Brookings Institutions Press United States
_c2007
300 _a236p.
365 _a
_b29.95
650 _aKEL; Nuclear nonproliferation-Korea; Nuclear weapons-Korea
_9755296
942 _cTEXL
_hV4952:1973,(zP).P06, P7
999 _c1319346
_d1319346